| 000 | 01001nam a2200241Ia 4500 | ||
|---|---|---|---|
| 003 | Ost | ||
| 005 | 20260507075656.0 | ||
| 008 | 260507s9999||||xx |||||||||||||| ||und|| | ||
| 040 | _cfsecg | ||
| 041 | _aara | ||
| 082 | _a5.82 | ||
| 100 |
_aسعيد السيد، قنديل _eمؤلف |
||
| 245 | 0 |
_aالتوقيع الالكتروني ماهيته، صوره، حجيته في لإثبات بين التدويل والإقتباس / _c قنديل سعيد السيد |
|
| 250 | _aطبعة 2 | ||
| 260 |
_aالاسكندرية: _bدار الجامعة الحديثة, _c2006 |
||
| 300 |
_a137 صفحة؛ _bإيضاحات ؛ _c24 سم |
||
| 504 | _aالمراجع ص.125 | ||
| 520 | _aالتعريف القانوني لإثبات الالكتروني، التوقيع الالكتروني ومقتضيات الأمان القانوني | ||
| 653 | _aالالكترونيات | ||
| 653 | _aالتوثيق | ||
| 653 | _aالتوقيع الإلكتروني- الإثباث | ||
| 942 | _cكتاب | ||
| 999 |
_c45707 _d45707 |
||